| 000 | 00498nam a22002057a 4500 | ||
|---|---|---|---|
| 003 | OSt | ||
| 005 | 20180116182954.0 | ||
| 008 | 140314b xxu||||| |||| 00| 0 eng d | ||
| 020 | _a9788131707043 | ||
| 040 |
_a0 _c0 |
||
| 082 | _a658 STO 2013 | ||
| 100 | _aJames A. F. Stoner | ||
| 245 |
_aManagement _cJames A. F. Stoner |
||
| 250 | _a6th Ed. | ||
| 260 |
_aIndia _bPearson _c2013 |
||
| 300 |
_a656+20 Eprox _bPB |
||
| 440 | _aManagement | ||
| 600 | _aJames A. F. Stoner | ||
| 942 |
_2ddc _cBK |
||
| 999 |
_c349624 _d349624 |
||